<?xml version="1.0" encoding="UTF-8"?><?xml-stylesheet type="text/xsl" href="static/style.xsl"?><OAI-PMH xmlns="http://www.openarchives.org/OAI/2.0/" xmlns:xsi="http://www.w3.org/2001/XMLSchema-instance" xsi:schemaLocation="http://www.openarchives.org/OAI/2.0/ http://www.openarchives.org/OAI/2.0/OAI-PMH.xsd"><responseDate>2026-04-17T06:56:07Z</responseDate><request verb="GetRecord" identifier="oai:www.recercat.cat:2117/444641" metadataPrefix="marc">https://recercat.cat/oai/request</request><GetRecord><record><header><identifier>oai:recercat.cat:2117/444641</identifier><datestamp>2026-03-08T00:19:55Z</datestamp><setSpec>com_2072_1033</setSpec><setSpec>col_2072_452949</setSpec></header><metadata><record xmlns="http://www.loc.gov/MARC21/slim" xmlns:dcterms="http://purl.org/dc/terms/" xmlns:xsi="http://www.w3.org/2001/XMLSchema-instance" xmlns:doc="http://www.lyncode.com/xoai" xsi:schemaLocation="http://www.loc.gov/MARC21/slim http://www.loc.gov/standards/marcxml/schema/MARC21slim.xsd">
   <leader>00925njm 22002777a 4500</leader>
   <datafield ind2=" " ind1=" " tag="042">
      <subfield code="a">dc</subfield>
   </datafield>
   <datafield ind2=" " ind1=" " tag="720">
      <subfield code="a">Pirina, Claudia</subfield>
      <subfield code="e">author</subfield>
   </datafield>
   <datafield ind2=" " ind1=" " tag="720">
      <subfield code="a">Ramos Jular, Jorge</subfield>
      <subfield code="e">author</subfield>
   </datafield>
   <datafield ind2=" " ind1=" " tag="720">
      <subfield code="a">Ruiz Iñigo, Miriam</subfield>
      <subfield code="e">author</subfield>
   </datafield>
   <datafield ind2=" " ind1=" " tag="260">
      <subfield code="c">2025-10-28</subfield>
   </datafield>
   <datafield ind2=" " ind1=" " tag="520">
      <subfield code="a">El artículo presenta una experiencia docente internacional basada en la metodología Research by Design (RbD), aplicada en un taller desarrollado entre universidades de Italia, Portugal y España en el marco del Erasmus Blended Intensive Program. Lejos de concebir el proyecto arquitectónico como un mero resultado formal, se entiende como un proceso de investigación que articula conocimiento crítico a partir del contexto, la tradición y los desafíos contemporáneos de sostenibilidad urbana. El taller, centrado en la ciudad de Spilimbergo, exploró la redefinición de “espacios umbral” como recurso arquitectónico y simbólico. La propuesta pedagógica integró urbanismo, tecnología, historia, teoría y representación, cuestionando la segmentación disciplinar.</subfield>
   </datafield>
   <datafield ind2=" " ind1=" " tag="520">
      <subfield code="a">This paper presents an international teaching experience based on the Research by Design (RbD) methodology, implemented in a workshop organized by universities from Italy, Portugal, and Spain within the Erasmus Blended Intensive Program. Rather than conceiving architectural design as a mere final outcome, it was approached as a research process that generates critical knowledge through engagement with context, tradition, and contemporary challenges of urban sustainability. The workshop, set in the Italian city of Spilimbergo, focused on reinterpreting “threshold spaces” as both architectural and symbolic language. The pedagogical approach integrated urbanism, technology, history, theory, and representation, challenging disciplinary fragmentation.</subfield>
   </datafield>
   <datafield ind2=" " ind1=" " tag="520">
      <subfield code="a">El Congreso (22893/OC/25) ha sido financiado por la Consejería de Medio Ambiente, Universidades, Investigación y Mar Menor, a través de la Fundación Séneca-Agencia de Ciencia y Tecnología de la Región de Murcia (http://www.fseneca.es) con cargo al Programa Regional de Movilidad, Colaboración internacional e Intercambio de Conocimiento “Jiménez de la Espada” en el marco de la convocatoria de ayudas a la organización de congresos y reuniones científico-técnicas (plan de actuación 2025). Al resto de profesores implicados en la experiencia: Juan Carlos Arnuncio, Fernando Zaparaín, Javier Blanco, Álvaro Moral, Pablo Llamazares, Giovanni Comi, Vicenzo d’Abramo y Renato Bocchi. A los responsables de la Scuola Mosaicisti del Friuli, Stefano Lovison (presidente) y Gian Piero Brovedani (director). A los responsables de los servicios de Relaciones Internacionales de la Univesità deglo Studi di Udine, Universidad de Valladolid y Universidade da Beira Interior. Especialmente a todos los estudiantes participantes: Edoardo Andreetta, Francesca Baraldo, Elisabetta Blasizza, Serena Dorigo, Alessandro Gobbo, Lisa Leghissa, Margherita Molaro, Virgina Muneretto, Alberto Petrosino, Giulia Sbordone, Michele Todisco (Università degli Studi di Udine); María Bazaco, Juan Ignacio Centeno, Alejandra Delgado, Gloria Herrero, Luis Herrero, David Leño, Sofia Carranza (Universidad de Valladolid); Giulia Rodrigues, Juliana Simoes, Carolina Coelho, Raquel Bettencourt, João Paulo Barros, José Lopes, Aléxis Agostinho, João Afonso Oliveira, Ricardo Azevedo, Nicolas Ferreira, José Gabriel da Rocha (Universidade da Beira Interior).</subfield>
   </datafield>
   <datafield ind2=" " ind1=" " tag="520">
      <subfield code="a">Peer Reviewed</subfield>
   </datafield>
   <datafield tag="653" ind2=" " ind1=" ">
      <subfield code="a">Àrees temàtiques de la UPC::Arquitectura</subfield>
   </datafield>
   <datafield tag="653" ind2=" " ind1=" ">
      <subfield code="a">Àrees temàtiques de la UPC::Ensenyament i aprenentatge</subfield>
   </datafield>
   <datafield tag="653" ind2=" " ind1=" ">
      <subfield code="a">Architecture -- Study and teaching (Higher) -- Italy -- Spilimbergo</subfield>
   </datafield>
   <datafield tag="653" ind2=" " ind1=" ">
      <subfield code="a">Experiential learning -- Italy -- Spilimbergo</subfield>
   </datafield>
   <datafield tag="653" ind2=" " ind1=" ">
      <subfield code="a">Team learning approach in education</subfield>
   </datafield>
   <datafield tag="653" ind2=" " ind1=" ">
      <subfield code="a">Erasmus Mundus (Program)</subfield>
   </datafield>
   <datafield tag="653" ind2=" " ind1=" ">
      <subfield code="a">Blended Intensitive Program (BIP)</subfield>
   </datafield>
   <datafield tag="653" ind2=" " ind1=" ">
      <subfield code="a">Taller internacional</subfield>
   </datafield>
   <datafield tag="653" ind2=" " ind1=" ">
      <subfield code="a">Proyecto</subfield>
   </datafield>
   <datafield tag="653" ind2=" " ind1=" ">
      <subfield code="a">Investigación</subfield>
   </datafield>
   <datafield tag="653" ind2=" " ind1=" ">
      <subfield code="a">Umbral</subfield>
   </datafield>
   <datafield tag="653" ind2=" " ind1=" ">
      <subfield code="a">Blended Intensitive Program (BIP)</subfield>
   </datafield>
   <datafield tag="653" ind2=" " ind1=" ">
      <subfield code="a">International workshop</subfield>
   </datafield>
   <datafield tag="653" ind2=" " ind1=" ">
      <subfield code="a">Design</subfield>
   </datafield>
   <datafield tag="653" ind2=" " ind1=" ">
      <subfield code="a">Research</subfield>
   </datafield>
   <datafield tag="653" ind2=" " ind1=" ">
      <subfield code="a">Threshold</subfield>
   </datafield>
   <datafield tag="653" ind2=" " ind1=" ">
      <subfield code="a">Arquitectura -- Ensenyament universitari -- Itàlia -- Spilimbergo</subfield>
   </datafield>
   <datafield tag="653" ind2=" " ind1=" ">
      <subfield code="a">Aprenentatge per experiència -- Itàlia -- Spilimbergo</subfield>
   </datafield>
   <datafield tag="653" ind2=" " ind1=" ">
      <subfield code="a">Aprenentatge -- Treball en equip</subfield>
   </datafield>
   <datafield ind2="0" ind1="0" tag="245">
      <subfield code="a">Reflexiones sobre el umbral arquitectónico según un enfoque RbD</subfield>
   </datafield>
   <datafield ind2="0" ind1="0" tag="245">
      <subfield code="a">Reflections on the architectural threshold according to an RbD approach</subfield>
   </datafield>
</record></metadata></record></GetRecord></OAI-PMH>